| 000 | 00848nam a2200277 4500 | ||
|---|---|---|---|
| 003 | EC-UNACH | ||
| 005 | 20241015134510.0 | ||
| 006 | s||||gr|||| 00| 00 | ||
| 008 | 150116t9999 mx r gr 000 0 spa d | ||
| 020 | _a978-9942-340870 | ||
| 040 |
_aEC-UNACH _cEC-UNACH |
||
| 041 | _aEspañol | ||
| 082 | 0 | 4 |
_223 _a808.23 _bL017680 |
| 100 | _aVelasco Machenzie, Jorge | ||
| 245 | _aDos novelas desde el margen | ||
| 250 | _aPrimera Edición | ||
| 264 |
_aQuito - Ecuador _bEditorial Casa de la Cultura Ecuatoriana _c2022 |
||
| 300 |
_a252 páginas _c21 x 14 centímetros |
||
| 501 | _aIncluye índice | ||
| 505 | _aTambores para una canción perdida -- El ladrón de levita. | ||
| 650 | _aNOVELA | ||
| 942 |
_2ddc _c1 |
||
| 999 | _c13470 | ||